[Event "Bryansk Zilberstein Memorial 6th"]
[Site "Bryansk"]
[Date "2024.06.07"]
[Round "4"]
[White "Gleizerov, Evgeny"]
[Black "Kulpin, Dmitriy"]
[Result "1/2-1/2"]
[WhiteElo "2378"]
[BlackElo "1975"]
[PlyCount "60"]
[EventDate "2024.06.07"]
[EventType "swiss (rapid)"]
[EventRounds "11"]
[EventCountry "RUS"]
[SourceTitle "CBM 220 Extra"]
[Source "ChessBase"]
[SourceDate "2024.07.31"]
[SourceVersion "1"]
[SourceVersionDate "2024.07.31"]
[SourceQuality "1"]

1. d4 Nf6 2. c4 g6 3. Nc3 d5 4. cxd5 Nxd5 5. Bd2 Bg7 6. e4 Nxc3 7. Bxc3 c5 8. d5 Bxc3+ 9. bxc3 0-0 10. Bc4 Nd7 11. Nf3 Nb6 12. Be2 e6 13. d6 Bd7 14. Qd2 Bc6 15. e5 f6 16. exf6 Qxf6 17. 0-0 Rad8 18. Qe3 Nd5 19. Qxc5 Nf4 20. Qe3 Nxe2+ 21. Qxe2 Bxf3 22. Qxf3 Qxf3 23. gxf3 Rxd6 24. Rad1 Rfd8 25. Rde1 Kf7 26. Re4 Rd1 27. Rc4 Ke7 28. a4 Rxf1+ 29. Kxf1 Kd6 30. Ke2 Ke5 1/2-1/2

[Event "Bryansk Zilberstein Memorial 6th"]
[Site "Bryansk"]
[Date "2024.06.07"]
[Round "5"]
[White "Kulpin, Dmitriy"]
[Black "Somkin, Kirill"]
[Result "0-1"]
[WhiteElo "1975"]
[BlackElo "2121"]
[PlyCount "162"]
[EventDate "2024.06.07"]
[EventType "swiss (rapid)"]
[EventRounds "11"]
[EventCountry "RUS"]
[SourceTitle "CBM 220 Extra"]
[Source "ChessBase"]
[SourceDate "2024.07.31"]
[SourceVersion "1"]
[SourceVersionDate "2024.07.31"]
[SourceQuality "1"]

1. d4 Nf6 2. Nf3 d5 3. c4 e6 4. g3 Be7 5. Bg2 0-0 6. 0-0 dxc4 7. Qc2 b5 8. a4 Bb7 9. axb5 a6 10. Nc3 axb5 11. Rxa8 Bxa8 12. Nxb5 Bd5 13. Bf4 c5 14. Rd1 Qb6 15. Na3 Nc6 16. Nxc4 Qa6 17. b3 Bxf3 18. Bxf3 Nxd4 19. Qb2 Nxf3+ 20. exf3 Nd5 21. Be5 f6 22. Bc3 Rb8 23. Qc2 Qb5 24. Rb1 Qe8 25. Bd2 Qg6 26. Qe4 Kf7 27. Re1 Qxe4 28. fxe4 Nb4 29. Bxb4 cxb4 30. Rd1 Ra8 31. Kf1 Ra2 32. Rd2 Ra1+ 33. Ke2 Rb1 34. Rb2 Rc1 35. Rd2 Rb1 36. Rb2 Rh1 37. h4 e5 38. Ne3 Bc5 39. Nd5 Ke6 40. Rc2 Kd6 41. Ne3 Bxe3 42. Kxe3 Rb1 43. Rd2+ Kc6 44. Rd3 h5 45. f4 Re1+ 46. Kf3 exf4 47. gxf4 Rh1 48. Kg3 Rc1 49. Kf3 Rf1+ 50. Kg3 Rc1 51. Kf3 Rh1 52. Kg3 Rg1+ 53. Kh3 Re1 54. e5 fxe5 55. fxe5 Rxe5 56. Kg3 Re4 57. Rf3 Rg4+ 58. Kh3 g6 59. Rd3 Kc5 60. Rd8 Re4 61. Rd3 Rd4 62. Rg3 Rd6 63. Kg2 Kd4 64. Kf2 Re6 65. Rf3 Re4 66. Rf6 Kc3 67. Rxg6 Rxh4 68. Rg3+ Kc2 69. Ke2 Re4+ 70. Kf2 Rd4 71. Rh3 Rd3 72. Rxh5 Kxb3 73. Ke2 Rd8 74. Rb5 Kc3 75. Rc5+ Kb2 76. Rb5 b3 77. Rb7 Kc2 78. Rc7+ Kb1 79. Rb7 b2 80. Rb6 Rd5 81. Rb8 Kc2 0-1

[Event "Voronezh op-B 23rd"]
[Site "Voronezh"]
[Date "2019.06.20"]
[Round "9"]
[White "Mikhnenko, Alexander"]
[Black "Kulpin, Dmitriy"]
[Result "1/2-1/2"]
[WhiteElo "2052"]
[BlackElo "1950"]
[PlyCount "148"]
[EventDate "2019.06.12"]
[EventType "swiss"]
[EventRounds "9"]
[EventCountry "RUS"]
[SourceTitle "EXT 2020"]
[Source "ChessBase"]
[SourceDate "2019.10.17"]
[SourceVersion "1"]
[SourceVersionDate "2019.10.17"]
[SourceQuality "1"]

1. d4 Nf6 2. Bg5 d5 3. e3 Nbd7 4. c4 e6 5. Nc3 Be7 6. cxd5 Nxd5 7. Bxe7 Qxe7 8. Bd3 N7f6 9. Rc1 Qb4 10. Qc2 c5 11. a3 Qa5 12. dxc5 Qxc5 13. Nxd5 Qxd5 14. Ne2 Bd7 15. e4 Qa5+ 16. Nc3 Rc8 17. 0-0 0-0 18. f4 e5 19. f5 Rfd8 20. Qe2 Bc6 21. h3 Rd4 22. Kh2 Rcd8 23. Rfd1 a6 24. Qe3 Qc7 25. Kh1 h6 26. Ne2 R4d6 27. Nc3 R8d7 28. Bc2 Rd4 29. Re1 Qd8 30. Re2 Rd2 31. Rce1 b5 32. Qc5 Rxe2 33. Rxe2 Qc7 34. Qe3 Qd6 35. Nb1 Qd4 36. Qxd4 Rxd4 37. Nd2 Kf8 38. Nf3 Rd8 39. Nxe5 Bb7 40. Nf3 Re8 41. Nd2 Nd7 42. Kg1 f6 43. Kf2 Ne5 44. Nf3 Nc4 45. Bd3 Nd6 46. Nd2 Nf7 47. Ke3 Rd8 48. Nf3 Ke7 49. Rd2 Nd6 50. g4 Nf7 51. Be2 Rc8 52. Bd3 Rd8 53. Rc2 Rd7 54. h4 Kd8 55. Rd2 Ke8 56. Bc2 Nd6 57. b3 Rc7 58. Rxd6 Rxc2 59. Rd3 Rg2 60. Kf4 Rf2 61. Re3 Kd7 62. Kg3 Rf1 63. e5 fxe5 64. Nxe5+ Kd6 65. Nf7+ Kc5 66. Re7 Bd5 67. Nd8 Rg1+ 68. Kf4 Rf1+ 69. Kg3 Rf3+ 70. Kh2 Rf2+ 71. Kh3 Rf3+ 72. Kh2 Rf2+ 73. Kh3 Rf3+ 74. Kh2 Rf2+ 1/2-1/2

[Event "Voronezh op-B 22nd"]
[Site "Voronezh"]
[Date "2018.06.16"]
[Round "5"]
[White "Kulpin, Dmitriy"]
[Black "Bitkinin, Lenar"]
[Result "1-0"]
[WhiteElo "1954"]
[BlackElo "2055"]
[PlyCount "69"]
[EventDate "2018.06.12"]
[EventType "swiss"]
[EventRounds "9"]
[EventCountry "RUS"]
[SourceTitle "CBM 185 Extra"]
[Source "ChessBase"]
[SourceDate "2018.07.29"]
[SourceVersion "1"]
[SourceVersionDate "2018.07.29"]
[SourceQuality "1"]

1. Nf3 f5 2. d3 Nf6 3. e4 d6 4. exf5 Bxf5 5. d4 g6 6. Nc3 Bg7 7. Bd3 Qd7 8. 0-0 Nc6 9. Bxf5 gxf5 10. d5 Nd8 11. Re1 c6 12. Ng5 h6 13. Ne6 Nxe6 14. dxe6 Qc7 15. Qf3 Qa5 16. Bd2 0-0 17. Rad1 Ng4 18. b4 Qb6 19. Ne2 a5 20. Nf4 Kh7 21. h3 Ne5 22. Qh5 Rf6 23. Bc3 axb4 24. Bxe5 dxe5 25. Rxe5 Ra5 26. Rxa5 Qxa5 27. Rd7 Qxa2 28. Rxe7 Qxc2 29. Qh4 Qd1+ 30. Kh2 Qd6 31. Rd7 Qe5 32. Qg3 Rf8 33. Nh5 Qxg3+ 34. fxg3 b5 35. Nxg7 1-0